| 000 | 00826nam a2200277Ia 4500 | ||
|---|---|---|---|
| 003 | OSt | ||
| 005 | 20220927110501.0 | ||
| 006 | a|||||r|||| 00| 0 | ||
| 007 | ta | ||
| 008 | 220926b |||||||| |||| 00| 0 eng d | ||
| 024 | _a108559 | ||
| 037 | _cReports | ||
| 040 |
_aRTL _cRTL _beng |
||
| 041 |
_2eng _aeng |
||
| 082 | _a"X9(KZ332):51.2.N61t, H6;K1/GD" | ||
| 110 |
_a"India, Agriculture Marketing (Commission)" _9378736 |
||
| 245 | 0 | _aReport on fish in India | |
| 250 | _a3rd | ||
| 260 |
_aDelhi _bMOP India _c1961 |
||
| 300 |
_a224p. _ccm. |
||
| 490 | _a"Its, Marketing Series. 126" | ||
| 650 | _aAnimal Husbandary | ||
| 700 |
_a"India, Agriculture Marketing (Commission)" _9378737 |
||
| 942 |
_h"X9(KZ332):51.2.N61t, H6;K1/GD" _cCC |
||
| 999 |
_c696975 _d696975 |
||